000 00346nam a2200157Ia 4500
003 Ost
005 20260225132546.0
008 260225s9999||||xx |||||||||||||| ||und||
040 _cfsic
041 _afre
082 _a440
100 _aJ.H.Rosny Ainé
_eAuteur
245 0 _aLa guerre du feu /
245 0 _cJ.H.Rosny Ainé
942 _cكتاب
999 _c33863
_d33863